Œuvres littéraires par pays - click quiz - Statistiques

Statistiques générales
  • Ce quiz a été pris 91 fois
  • Le résultat moyen est 14 sur 25
Statistiques - réponses
Hint Réponse % Correct
Les Misérables France
95%
L'Illiade Grèce
88%
Hamlet Royaume-Uni
88%
Don Quichotte Espagne
81%
Le Cid France
80%
La Reconnaissance de Shâkountalâ Inde
78%
Guerre et Paix Russie
78%
Faust Allemagne
77%
L'Art de la guerre Chine
70%
Crime et Châtiment Russie
70%
Divine Comédie Italie
65%
Orgeuil et Préjugés Royaume-Uni
64%
Les Raisins de la colère États-Unis
62%
Les Hauts de Hurlevent Royaume-Uni
61%
Moby Dick États-Unis
57%
Alexis Zorbas Grèce
51%
Peer Gynt Norvège
41%
Les quatre filles du docteur March États-Unis
39%
Décameron Italie
36%
La Montagne magique Allemagne
32%
Le Tambour Allemagne
31%
Ulysse Irlande
26%
Les Voyages de Gulliver Irlande
16%
La Faim Norvège
12%
Le Journal d'un fou Chine
7%
Aucun quiz correspondant
Distribution des résultats
% des personnes avec chaque résultat
Percentile par nombre de réponses
Votre historique - résultats
Vous n’avez pas pris ce quiz